Professional qualifications directive (Record no. 75246)
[ view plain ]
| 000 -LEADER | |
|---|---|
| fixed length control field | 00936cab a2200193 4500 |
| 001 - CONTROL NUMBER | |
| control field | L129751 |
| 008 - FIXED-LENGTH DATA ELEMENTS--GENERAL INFORMATION | |
| fixed length control field | 050517n2005 000 0 eng u |
| 035 ## - SYSTEM CONTROL NUMBER | |
| System control number | (Sirsi) u129751 |
| 041 ## - LANGUAGE CODE | |
| Language code of text/sound track or separate title | eng |
| 245 ## - TITLE STATEMENT | |
| Title | Professional qualifications directive |
| 260 ## - PUBLICATION, DISTRIBUTION, ETC. | |
| Date of publication, distribution, etc. | 2005 |
| 490 ## - SERIES STATEMENT | |
| Series statement | RICS News Service |
| Volume/sequential designation | 6 May 2005 |
| 520 ## - SUMMARY, ETC. | |
| Summary, etc. | The European Parliament has reduced the prospects of amending the Professional Qualifications Directive, preventing UK and Irish surveyors who design buildings at home from practicising as architects across the EU. RICS persuaded many MEPs that qualified persons should be recognised by training and competence, not by title. |
| 650 ## - SUBJECT ADDED ENTRY--TOPICAL TERM | |
| Topical term or geographic name entry element | COM (2002) 119 FINAL |
| 650 ## - SUBJECT ADDED ENTRY--TOPICAL TERM | |
| Topical term or geographic name entry element | COM (2004) 317 FINAL |
| 690 ## - LOCAL SUBJECT ADDED ENTRY--TOPICAL TERM (OCLC, RLIN) | |
| Topical term or geographic name as entry element | MANAGEMENT-BUSINESS MANAGEMENT-PROFESSIONAL PRACTICE |
| 856 ## - ELECTRONIC LOCATION AND ACCESS | |
| Uniform Resource Identifier | <a href="https://www.rics.org/RICSWEB/getpage.aspx?p=NOwTidrJPUeMb-SDMEGnIg">https://www.rics.org/RICSWEB/getpage.aspx?p=NOwTidrJPUeMb-SDMEGnIg</a> |
| Public note | View the item free of charge at www.rics.org... |
| 942 ## - ADDED ENTRY ELEMENTS (KOHA) | |
| Suppress in OPAC | 0 |
| Withdrawn status | Lost status | Source of classification or shelving scheme | Damaged status | Not for loan | Home library | Current library | Shelving location | Date acquired | Total Checkouts | Full call number | Barcode | Date last seen | Copy number | Price effective from | Koha item type |
|---|---|---|---|---|---|---|---|---|---|---|---|---|---|---|---|
| Dewey Decimal Classification | Virtual | Virtual | Online | 17/05/2005 | L129751 | 129751-2001 | 06/08/2019 | 1 | 06/08/2019 | Journal article |